000 nam a22 7a 4500
999 _c24893
_d24893
008 170130b xxu||||| |||| 00| 0 eng d
050 _aLC 4165 .D87 1969
100 _a[edited by Dupont, Henry.]
245 _aEducating emotional;y disturbed chilldren/
_cHenry Dupont.
260 _aNewYork :
_bHolt, Rinehart and Winston, inc.,
_c1969.
300 _ax, 485p. :
_bill. ;
_c24cm.
500 _aInclude index.
650 _aMentall ill children.
942 _2lcc
_cBOOKS